<?xml version="1.0" encoding="UTF-8"?>
<record
    xmlns:xsi="http://www.w3.org/2001/XMLSchema-instance"
    xsi:schemaLocation="http://www.loc.gov/MARC21/slim http://www.loc.gov/standards/marcxml/schema/MARC21slim.xsd"
    xmlns="http://www.loc.gov/MARC21/slim">

  <leader>01925nam a2200169   4500</leader>
  <datafield tag="999" ind1=" " ind2=" ">
    <subfield code="c">512436</subfield>
    <subfield code="d">512436</subfield>
  </datafield>
  <controlfield tag="008">191122b           ||||| |||| 00| 0 eng d</controlfield>
  <datafield tag="100" ind1=" " ind2=" ">
    <subfield code="a">Cheng, Yuan (Daniel)</subfield>
    <subfield code="9">13693</subfield>
  </datafield>
  <datafield tag="245" ind1=" " ind2=" ">
    <subfield code="a">Providing public services without relying heavily on government funding: How do nonprofits respond to government budget cuts?</subfield>
  </datafield>
  <datafield tag="260" ind1=" " ind2=" ">
    <subfield code="b">American Review of Public Administration</subfield>
  </datafield>
  <datafield tag="300" ind1=" " ind2=" ">
    <subfield code="a">49(6), Aug, 2019: p.675-688.</subfield>
  </datafield>
  <datafield tag="520" ind1=" " ind2=" ">
    <subfield code="a">Existing studies of government&#x2013;nonprofit relationships have largely treated government funding as a revenue stream of nonprofit organizations. However, there is limited empirical research on how nonprofits respond to government spending changes in a public service subsector where they provide public services without relying heavily on government funding. In such public service subsectors, government spending cuts, thus, represent a reduction in governmental service provision rather than a revenue shock to nonprofits in the sector. Utilizing a unique panel data set of park-supporting nonprofits in large U.S. cities, this study examines how these nonprofits adjust financial management strategies in response to incremental and dramatic changes in the overall government spending on parks and recreation services in a city. The findings suggest that nonprofits increase fund-raising efforts and diversify revenue portfolios in response to incremental changes in the government spending environment. Facing a dramatic government budget cut on parks and recreation, nonprofits are more likely to reduce administrative expenses and spend more on programs to fill in the gap of service needs. Borrowing and using reserves seem not to be strategies nonprofits pursue in such circumstances. - Reproduced.</subfield>
  </datafield>
  <datafield tag="650" ind1=" " ind2=" ">
    <subfield code="a">Non profit organization </subfield>
    <subfield code="9">13694</subfield>
  </datafield>
  <datafield tag="700" ind1=" " ind2=" ">
    <subfield code="a">Yang, Lang (Kate)</subfield>
    <subfield code="9">13695</subfield>
  </datafield>
  <datafield tag="773" ind1=" " ind2=" ">
    <subfield code="a">American Review of Public Administration</subfield>
  </datafield>
  <datafield tag="906" ind1=" " ind2=" ">
    <subfield code="a">Public utilities </subfield>
  </datafield>
  <datafield tag="942" ind1=" " ind2=" ">
    <subfield code="2">ddc</subfield>
    <subfield code="c">AR</subfield>
  </datafield>
  <datafield tag="952" ind1=" " ind2=" ">
    <subfield code="0">0</subfield>
    <subfield code="1">0</subfield>
    <subfield code="2">ddc</subfield>
    <subfield code="4">0</subfield>
    <subfield code="7">0</subfield>
    <subfield code="9">386492</subfield>
    <subfield code="a">IIPA</subfield>
    <subfield code="b">IIPA</subfield>
    <subfield code="d">2019-11-22</subfield>
    <subfield code="h">49(6), Aug, 2019: p.675-688.</subfield>
    <subfield code="p">AR121809</subfield>
    <subfield code="r">2019-11-22</subfield>
    <subfield code="y">AR</subfield>
  </datafield>
</record>
